Loading...
| Science - Chemistry | 0 | 5 | 0 | 2 | 50 | 59 | 96.00 | 1 | 2 | 0.00 | 0.00 |
| Science - Physics | 0 | 4 | 0 | 0 | 40 | 67 | 105.00 | 0 | 0 | 0.00 | 0.00 |
| Fine Arts - Visual | 0 | 4 | 0 | 1 | 40 | 80 | 90.50 | 0 | 2 | 0.00 | 0.00 |
| Science - Biology | 0 | 4 | 0 | 1 | 40 | 62 | 89.50 | 2 | 3 | 0.00 | 0.00 |
| Fine Arts - Classical Music | 0 | 3 | 0 | 0 | 30 | 97 | 109.00 | 0 | 0 | 0.00 | 0.00 |
| Philosophy | 0 | 3 | 0 | 0 | 30 | 59 | 90.67 | 0 | 1 | 0.00 | 0.00 |
| Literature - World/Other | 0 | 2 | 0 | 1 | 20 | 122 | 129.50 | 0 | 1 | 0.00 | 0.00 |
| Literature - American | 0 | 1 | 0 | 0 | 10 | 33 | 33.00 | 1 | 1 | 0.00 | 0.00 |
| History - Other | 0 | 1 | 0 | 0 | 10 | 76 | 76.00 | 0 | 0 | 0.00 | 0.00 |
| History - American | 0 | 1 | 0 | 0 | 10 | 73 | 73.00 | 0 | 1 | 0.00 | 0.00 |
| Social Science | 0 | 1 | 0 | 0 | 10 | 51 | 51.00 | 0 | 1 | 0.00 | 0.00 |
| Mythology | 0 | 1 | 1 | 1 | 5 | 66 | 66.00 | 0 | 1 | 0.00 | 0.00 |
| Fine Arts - Other | 0 | 1 | 1 | 1 | 5 | 146 | 146.00 | 0 | 0 | 0.00 | 0.00 |